000 00993nam a22003017a 4500
003 DO-SdBPM
005 20251125112649.0
007 ta
008 171124b1983 mx |||| |||| 00| 0 spa d
020 _a0538229306
040 _aDO-SdBPM
_bspa
_cBPMSU
_erda
082 4 _a658.15
_bR696c 1983
_222
100 1 _aRodríguez, Leonardo
_eautor
_4aut.
245 1 0 _aContabilidad administrativa /
_cLeonardo Rodríguez, Robert K. Jaedicke, Carl L. Moore
260 _aCincinnati, Ohio
_b1983
_cSouth-Western
300 _a692 páginas
_bilustraciones :
_c23 cm
336 _atexto
_btxt
_2rdacontent
337 _asin mediación
_bn
_2rdamedia
338 _avolumen
_bnc
_2rdacarrier
590 _aInventariado, 2025/VM
650 7 _aContabilidad administrativa
650 7 _a Administración financiera
650 7 _aContabilidad de costos
700 1 _aJaedicke,, Robert K.
_eautor
700 1 _aMoore, Carl L
_eautor
910 _aVMateo V. Control de calidad. BPMSU
942 _2ddc
_cBK
999 _c13073
_d13073